Patrocínia kysuckých chrámov a významné sakrálne pamiatky Kysúc

Podrobná bibliografia
Hlavný autor: Podoláková, Ľubica, 1978- (Autor)
Médium: Článok
Jazyk:slovenčina
Fyzický popis:Fotogr.
ISBN:9788096992201
Predmet:

MARC

LEADER 00000naa a2200000 ar4500
001 vtls009497083
003 SK-MaSNL
005 20260302143558.0
008 090430|2008 xo g||||| 100 1|slo
015 |a SNBRA2009/04  |2 svkbbbg 
038 |a SVKBBBG 
040 |a SVKBBBG  |b slo  |c SVKBBBG  |e AACR2 
041 1 |a slo 
044 |a xo  |c SK 
072 7 |a 94(437)  |x Dejiny Česka a Slovenska  |2 konspekt 
072 7 |a 27  |x Kresťanstvo. Kresťanská cirkev všeobecne. Ekleziológia  |2 konspekt 
080 |a 94(437.6)  |2 2001 
080 |a 27  |2 2001 
080 |a (437.6)  |2 2001 
100 1 |a Podoláková, Ľubica,  |d 1978-  |4 aut.  |9 183963 
245 1 0 |a Patrocínia kysuckých chrámov a významné sakrálne pamiatky Kysúc  |c Ľubica Podoláková 
300 |b Fotogr. 
504 |a Bibliogr. odkazy 
546 |a Res. angl. 
600 1 7 |a Hanula, Jozef,  |d 1863-1944  |2 svkbbbg  |9 38397 
600 1 7 |a Klemens, Jozef Božetech,  |d 1817-1883  |2 svkbbbg  |9 38222 
600 1 7 |a Hložník, Vincent,  |d 1919-1997  |2 svkbbbg  |9 107708 
650 0 7 |a kresťanstvo  |2 svkbbbg  |9 2024 
650 0 7 |a chrámy  |2 svkbbbg  |9 3027 
650 0 7 |a sakrálne stavby  |2 svkbbbg  |9 3019 
650 0 7 |a sakrálne pamiatky  |2 svkbbbg  |9 28972 
651 7 |a Kysuce (Slovensko : región)  |2 svkbbbg  |9 165903 
655 7 |a vedecké štúdie  |2 svkbbg  |9 265097 
773 0 |t Kresťanstvo na Kysuciach v priebehu storočí : zborník prednášok z vedeckej konferencie. Ročník I., 1/2008  |d [Turzovka] : Terra Kisucensis, 2008  |g S. 105-121  |z 9788096992201 
852 |a SVKBB  |b KIS3GCP 
958 |a NB 
999 |c 1345287  |d 1347217